000 01185nam a22003377a 4500
003 CHAP
005 20220329140057.0
008 971013s1981 r 00010 d
010 _a46635
011 _a47607
035 _a51750
040 _cCHAP
082 _a632.58
_bT47
100 0 0 _aThresh, J. M.
_9112996
245 _aPests pathogens and vegetation; the role of weeds and wild plants in the ecology of crop pest and diseases
260 _aBoston :
_bPitman,
_c1981
300 _a517 p.
_b: ilus.
590 _aBATCH-UPD
_b10
_c20130110
_lUCH01
_h1142
590 _aBATCH-UPD
_b10
_c20130410
_lUCH01
_h0728
590 _aBATCH-UPD
_b10
_c20130914
_lUCH01
_h0024
590 _aCONVERSION
_b10
_c20130109
_lUCH01
_h1325
650 1 4 _aAgricultura
_xPlagas.
_91764
650 1 4 _aEcología agrícola.
_935165
650 1 4 _aMalas hierbas.
_969996
650 1 4 _aPlantas
_xResistencia a enfermedades.
_988882
901 _aBK
942 _cLIBRO
949 _a632.58 T47
_bBC
_cLIBRO
_d33724000179453
_eLIBRO
_h57225
_i51750
_si
949 _a632.58 T47
_bBC
_cLIBRO
_d33724000179461
_eLIBRO
_fc.2
_h58559
_i51750
_si
949 _a632.58 T47
_bBC
_cLIBRO
_d33724000179479
_eLIBRO
_fc.3
_h75178
_i51750
_si
999 _c46635
_d46635